Y los dioses crearon a los hombres (Registro nro. 2095)
[ vista simple ]
| 000 -CABECERA | |
|---|---|
| Longitud fija campo de control | 00960nam a2200289Ia 4500 |
| 005 - • FECHA Y HORA DE LA ÚLTIMA TRANSACCIÓN | |
| Fecha y hora de la última transacción | 20220316235751.0 |
| 008 - • CÓDIGOS DE INFORMACIÓN DE LONGITUD FIJA | |
| Códigos de información de longitud fija | 121119s1999 ck a gr 000 0 spa |
| 020 ## - • NÚMERO INTERNACIONAL NORMALIZADO PARA LIBROS | |
| Número Internacional Normalizado para Libros (ISBN) | 9588052386 |
| 041 0# - • CÓDIGO DE LENGUA | |
| Código de lengua del texto/banda sonora o título independiente | spa |
| 040 ## - FUENTE DE LA CATALOGACIÓN | |
| Centro catalogador de origen | CO-BoRNBP |
| Lengua de catalogación | spa |
| Normas de descripción | rda |
| Centro transcriptor | CO-BoRNBP |
| 084 ## - • Clasificación Local Alfanúmerica PNLB | |
| Número de clasificación | LM MEN7 |
| 100 1# - • PUNTO DE ACCESO PRINCIPAL-NOMBRE DE PERSONA | |
| Nombre de persona | Méndez, Consuelo |
| 245 10 - • TITULO PROPIAMENTE DICHO | |
| Título | Y los dioses crearon a los hombres |
| Mención de responsabilidad, etc. | Consuelo Méndez, Mariela Zuluaga ; ilustraciones, Rocio Parra Parra |
| 250 ## - • MENCIÓN DE EDICIÓN | |
| Mención de edición | Primera edición |
| 264 ## - PRODUCCIÓN, PUBLICACIÓN , DISTRIBUCIÓN, FABRICACIÓN Y COPYRIGHT | |
| Lugar de producción, publicación, distribución, fabricación | Bogotá |
| Nombre del productor, editor, distribuidor, fabricante | Ministerio de Cultura |
| Fecha de de producción, publicación, distribución, fabricación o copyright | 1999 |
| 300 ## - • DESCRIPCIÓN FÍSICA | |
| Extensión | 13 páginas |
| Otras características físicas | ilustraciones |
| Dimensiones | 21 cm |
| 336 ## - TIPO DE CONTENIDO | |
| Término de tipo de contenido | texto |
| Código de tipo de contenido | txt |
| Fuente | rdacontent |
| 337 ## - TIPO DE MEDIO | |
| Nombre del tipo de medio | sin mediación |
| Código del tipo de medio | n |
| Fuente | rdamedia |
| 338 ## - TIPO DE SOPORTE | |
| Nombre del tipo de soporte | volumen |
| Código del tipo de soporte | nc |
| Fuente | rdacarrier |
| 650 14 - • PUNTO DE ACCESO ADICIONAL DE MATERIA - TÉRMINO DE MATERIA | |
| Término de materia o nombre geográfico como elemento inicial | Indígenas de Colombia |
| Fuente del encabezamiento o término | LEMB |
| 650 14 - • PUNTO DE ACCESO ADICIONAL DE MATERIA - TÉRMINO DE MATERIA | |
| Término de materia o nombre geográfico como elemento inicial | Mitología indígena |
| Fuente del encabezamiento o término | LEMB |
| 650 14 - • PUNTO DE ACCESO ADICIONAL DE MATERIA - TÉRMINO DE MATERIA | |
| Término de materia o nombre geográfico como elemento inicial | Cosmología índigena |
| Fuente del encabezamiento o término | LEMB |
| 650 14 - • PUNTO DE ACCESO ADICIONAL DE MATERIA - TÉRMINO DE MATERIA | |
| Término de materia o nombre geográfico como elemento inicial | Leyendas indígenas |
| Fuente del encabezamiento o término | LEMB |
| 700 1# - • PUNTO DE ACCESO ADICIONAL - NOMBRE DE PERSONA | |
| Nombre de persona | Zuluaga, Mariela |
| 700 1# - • PUNTO DE ACCESO ADICIONAL - NOMBRE DE PERSONA | |
| Nombre de persona | Parra Parra Rocio |
| Término indicativo de función | ilustrador |
| 942 ## - ENTRADA DE ELEMENTOS AGREGADOS (KOHA) | |
| Fuente de clasificaión o esquema | |
| Koha [por defecto] tipo de item | LIbro |
| Perdido | Fuente de clasificación o esquema | Estado Físico | No para préstamo | Localización permanente | Localización actual | Fecha adquisición | Préstamos totales | Signatura completa | Código de barras | Fecha última consulta | Número de copia | Fecha del precio de reemplazo | Tipo de item de Koha | Forma de adquisición | Localización en estanterías |
|---|---|---|---|---|---|---|---|---|---|---|---|---|---|---|---|
| Dewey Decimal Classification | Biblioteca Pública José Eustasio Rivera - San Martin | Biblioteca Pública José Eustasio Rivera - San Martin | 06/16/2023 | LM MEN7 | SM00649 | 06/16/2023 | Ej.1 | 06/16/2023 | LIbro | Infantil | Sala Infantil | ||||
| Dewey Decimal Classification | Biblioteca Pública San Carlos de Guaroa - Eduardo Carranza | Biblioteca Pública San Carlos de Guaroa - Eduardo Carranza | 06/30/2023 | LM MEN7 | SG00782 | 06/30/2023 | Ej.1 | 06/30/2023 | LIbro | Infantil | Sala Infantil | ||||
| Dewey Decimal Classification | Biblioteca Pública Guamal | Biblioteca Pública Guamal | 02/20/2023 | LM MEN7 | GUA001590 | 02/20/2023 | Ej.1 | 02/20/2023 | Libro Infantil | Infantil | Sala Infantil | ||||
| Dewey Decimal Classification | Biblioteca Pública Mapiripan | Biblioteca Pública Mapiripan | 01/22/2024 | LM MEN7 | MAP00003028 | 01/22/2024 | Ej.1 | 01/22/2024 | LIbro | Infantil | Sala Infantil | ||||
| Dewey Decimal Classification | Biblioteca Pública Puerto Rico | Biblioteca Pública Puerto Rico | 12/05/2022 | PR00000041 | LMMEN7Ej.1 | 12/05/2022 | Ej.1 | 12/05/2022 | Libro Infantil |